000
00234nam a22001097a 4500
082
_a
003.5 SAP'C
100
_a
SAPARINA, Y
_9
80664
245
_a
CYBERNTICS WITH IN US
260
_a
MOSCOW
_b
PEACE
_c
1966
300
_a
313P
942
_c
BK
999
_c
585561
_d
585561